Polskie miasta z obrazami - Statystyki

Ogólne statystyki
  • Ten quiz został rozwiązany 41 razy
  • Średni wynik to 13 z 16
Statystyki odpowiedzi
Obrazkowy Odpowiedź % Poprawnych
katowice
97%
wrocław
97%
warszawa
95%
gdynia
92%
kraków
92%
poznań
92%
zakopane
92%
gdańsk
89%
białystok
87%
toruń
84%
bydgoszcz
82%
łódź
79%
szczecin
79%
sopot
74%
radom
34%
sosnowiec
32%
Nie znaleziono quizów pasujących do podanych kryteriów
Rozkład punktacji
Procent ludzi z każdym wynikiem
Percentyl według liczby udzielonych odpowiedzi
Twoja historia wyników
Nie rozwiązałeś tego quizu